000 00451nam a2200169Ia 4500
008 191121s9999||||xx |||||||||||||| ||und||
020 _a8175980281
040 _aIMU-MPC
082 _aColumn-5
100 _aIMO/ Sterling Book House
245 0 _aISM Code and revised guidelines on implementation of the ISM Code by administrations
260 _aLondon
260 _bIMO/ Sterling Book House
260 _c2002
300 _av, 39
942 _cBK
999 _c1886
_d1886